| 000 | 00588nam a22001817a 4500 | ||
|---|---|---|---|
| 005 | 20130912115350.0 | ||
| 010 | _aENG-108301 | ||
| 020 |
_c230.00 _a9789380036496 |
||
| 035 | _aEN-91834 | ||
| 037 | _bDBAD/PUB | ||
| 100 | _aBandyopadhyaya, Jayantanuja | ||
| 245 |
_aClass, caste and religion in medieval India : _cby Jayantanuja Bandyopadhyaya _bsocial history of transition failure / |
||
| 260 |
_aKolkata _bMitram _c2013 |
||
| 270 |
_a37A, College Street, _bKolkata _e73 |
||
| 300 |
_a292p. _c18cm(pbk) |
||
| 500 | _aIncludes bibliographical references and index | ||
| 942 |
_2ddc _cEN _mBAN |
||
| 999 |
_c78497 _d78497 |
||